000
00314nam a2200121 a 4500
005
20140414132114.0
008
110824s19uu xx 00 eng d
050
_a
FIC
_b
O2 1960
100
_a
O'Dell, Scott
245
_a
Island of the blue dolphins.
260
_a
New York :
_b
Random House,
_c
1960.
999
_c
114854
_d
114854